000 00631nam a22002057a 4500
999 _c163240
_d163240
005 20190405144759.0
010 _aENG-124977
020 _a9789383316090
_c1195.00
035 _aEN-108509
037 _adpl
037 _bDBAD/PUB.
082 _a327.540515
100 _aSarin, M.N.
245 _aIndia's tibet policy and china/
_cby M.N.Sarin
260 _aDelhi
_bGaurav Book Centre (Pvt.) Ltd.
_c2015
270 _a4832/24, Prahlad Lane, S-207 Ansari Road, Daryaganj,
_bDelhi
_e110002
300 v _a312p.
_c22cm(Hbk)
500 _aIt includes bibliography and index
942 _2ddc
_cEN
_mSAR
_h327.540515